Economia del capitale. (Record no. 153607)
[ view plain ]
| 000 -LEADER | |
|---|---|
| campo de control de longitud fija | 01581nam a2200253 i 4500 |
| 001 - NÚMERO DE CONTROL | |
| campo de control | 153607 |
| 003 - IDENTIFICADOR DE NÚMERO DE CONTROL | |
| campo de control | ES-MaACL |
| 005 - FECHA Y HORA DE LA ÚLTIMA TRANSACCIÓN | |
| campo de control | 20250721062634.0 |
| 008 - DATOS DE LONGITUD FIJA--INFORMACIÓN GENERAL | |
| campo de control de longitud fija | 021010m19001904it |||| | ita d |
| 040 ## - FUENTE DE CATALOGACIÓN | |
| Centro catalogador/agencia de origen | CCPB | B |
| Lengua de catalogación | spa |
| Centro/agencia transcriptor | CCPB | B |
| 245 00 - MENCIÓN DEL TÍTULO | |
| Título | Economia del capitale. |
| 260 ## - PUBLICACIÓN, DISTRIBUCIÓN, ETC. | |
| Lugar de publicación, distribución, etc. | Torino : |
| Nombre del editor, distribuidor, etc. | Unione Tipografico-Editrice Torinese, |
| Fecha de publicación, distribución, etc. | 1900-1904. |
| 300 ## - DESCRIPCIÓN FÍSICA | |
| Extensión | 2 v. ; |
| Dimensiones | 24 cm. |
| 490 1# - MENCIÓN DE SERIE | |
| Mención de serie | Biblioteca dell'economista : scelta collezione delle più importanti produzioni di economia politica antiche e moderne, italiane e straniere. Quarta serie ; |
| Designación de volumen o secuencia | 4 |
| 505 8# - NOTA DE CONTENIDO CON FORMATO | |
| Nota de contenido con formato | Contiene, según consta en port.: Parte I. La grande intrapresa e il progresso economico e sociale / Gherardo Schultze-Gaevernitz ; traduzione dell'Avv. P. Jannaccone. Comunità industriali / W. F. Willoughby ; traduzione dell'Avv. P. Jannaccone. La rendita mineraria / Luigi Einaudi (824 p.) -- Parte II. Il costo di produzione / P. Jannaccone. Monopolî e sindicati industriali (trusts) / Riccardo T. Ely ; traduzione dall'inglese del Dott. Paolo Conte. La questione dei sindicati industriali (trusts) / G.W. Jenks ; traduzione dall'inglese di E. Jannaccone (710 p.) |
| 650 #7 - PUNTO DE ACCESO ADICIONAL DE MATERIA--TÉRMINO DE MATERIA | |
| Término de materia o nombre geográfico como elemento de entrada | Economía |
| Fuente del encabezamiento o término | embne |
| 9 (RLIN) | 12006 |
| 650 #4 - PUNTO DE ACCESO ADICIONAL DE MATERIA--TÉRMINO DE MATERIA | |
| Término de materia o nombre geográfico como elemento de entrada | Política económica. |
| 9 (RLIN) | 16293 |
| 700 12 - ENTRADA AGREGADA--NOMBRE PERSONAL | |
| Nombre de persona | Schultze-Gaevernitz, Gerhard. |
| Título de la obra | Grande intrapresa e il progresso economico e sociale. |
| 9 (RLIN) | 132575 |
| 700 12 - ENTRADA AGREGADA--NOMBRE PERSONAL | |
| Nombre de persona | Jannaccone, Pasquale. |
| Título de la obra | Costo di produzione. |
| 9 (RLIN) | 128270 |
| 830 00 - PUNTO DE ACCESO ADICIONAL DE SERIE-TÍTULO UNIFORME | |
| Título uniforme | Biblioteca dell economista |
| Designación de volumen o secuencia | 4 |
| 9 (RLIN) | 188577 |
| 852 ## - LOCALIZACIÓN | |
| Ubicación | ES-MaACL |
| Número de control de estantería | B-8993-8994 |
| Nota libre | -- Enc. hol. |
| Estatus retirado | Estado de pérdida | Estado de daño | No para préstamo | Colección | Biblioteca de origen | Biblioteca actual | Ubicación en estantería | Fecha de adquisición | Fuente de adquisición | Total de préstamos | Signatura topográfica completa | Código de barras | Visto por última vez | Precio de reemplazo | Tipo de ítem Koha |
|---|---|---|---|---|---|---|---|---|---|---|---|---|---|---|---|
| Libros del s. XIX | Biblioteca del Ateneo de Madrid | Biblioteca del Ateneo de Madrid | Sala Pardo Bazán | 17/01/2008 | B-8993-8994 | 1160578 | 23/02/2023 | 23/02/2023 | Libro impreso antiguo |
